000 00449nam a22001577a 4500
003 OSt
008 260430b |||||||| |||| 00| 0 eng d
082 _a633.16
_bE42E
100 _aEhsanullah, Md.
245 _aEffect of Time of Sowing, Seed Rate and Seed Soaking on Grain Yield of Rainfeed Barley (Hordeum Vulgare L.)
260 _aPusa, Samastipur
_bRAU
_c1976
300 _a88P.
502 _bMsc.
_d1976
650 _aAgronomy
942 _2ddc
_cT
999 _c50352
_d50352